[Event "Loire-ch Top20 0910"]
[Site "Loire"]
[Date "2010.03.27"]
[Round "6"]
[White "Poncet, Alain"]
[Black "Carrot, Axel"]
[Result "1/2-1/2"]
[WhiteElo "1853"]
[BlackElo "1485"]
[PlyCount "38"]
[EventDate "2009.12.??"]
[EventType "tourn"]
[EventRounds "7"]
[EventCountry "FRA"]
[SourceTitle "EXT 2011"]
[Source "ChessBase"]
[SourceDate "2010.11.26"]
[SourceVersion "1"]
[SourceVersionDate "2010.11.26"]
[SourceQuality "1"]

1. e4 e5 2. Nf3 Nc6 3. d4 exd4 4. Nxd4 Bc5 5. Be3 Qf6 6. c3 Nge7 7. Be2 d5 8. exd5 Nxd5 9. 0-0 Nxd4 10. Bxd4 Bxd4 11. cxd4 0-0 12. Nc3 Be6 13. Bf3 c6 14. Nxd5 Bxd5 15. Bxd5 cxd5 16. Rc1 Rac8 17. Qd3 Rfe8 18. Rc5 Rc6 19. Rfc1 Rec8 1/2-1/2